| 000 | 00541nam a22001817a 4500 | ||
|---|---|---|---|
| 005 | 20251108165239.0 | ||
| 008 | 250721s1989 xx 000 0 ara d | ||
| 082 | 1 | 4 | _a956.05/أمي |
| 100 | 1 | _aالطيبي، أمين توفيق | |
| 245 | 1 | 0 | _aدراسات في تاريخ مدنية سيته الإسلامية / |
| 264 | 1 |
_aطرابلس (ليبيا) : _c1989. |
|
| 300 | _a139ص | ||
| 650 | 1 | 7 | _aتاريخ الأندلس |
| 650 | 1 | 7 | _aالحضارة الإسلامية |
| 650 | 1 | 7 | _aسبته |
| 942 |
_2ddc _cBK |
||
| 999 |
_c23147 _d23147 |
||